Strzelcy bramek w rewanżowych meczach 1/8 Ligi Mistrzów . - Statystyki

Ogólne statystyki
  • Ten quiz został rozwiązany 56 razy
  • Średni wynik to 16 z 24
Statystyki odpowiedzi
Mecz Piłkarz % Poprawnych
Bayern - Lazio 1:0 Lewandowski
94%
Real Madryt - Atalanta 1:0 Benzema
90%
Dortmund - Sevilla 1:0 Haaland
90%
Dortmund - Sevilla 2:0 Haaland
90%
Liverpool - RB Lipsk 2:0 Mane
84%
PSG - Barcelona 1:1 Messi
84%
Liverpool - RB Lipsk 1:0 Salah
84%
PSG - Barcelona 1:0 Mbappe
82%
Manchester City - Monchengladbach 1:0 De Bruyne
76%
Juventus - Porto 1:1 Chiesa
71%
Juventus - Porto 2:1 Chiesa
71%
Real Madryt - Atalanta 3:1 Asensio
67%
Manchester City - Monchengladbach 2:0 Gundogan
59%
Dortmund - Sevilla 2:1 En Nesyri
57%
Dortmund - Sevilla 2:2 En Nesyri
57%
Real Madryt - Atalanta 2:1 Muriel
57%
Real Madryt - Atalanta 2:0 Ramos
57%
Juventus - Porto 0:1 Oliveira
55%
Juventus - Porto 2:2 Oliveira
55%
Juventus - Porto 3:2 Rabiot
53%
Chelsea - Atletico Madryt 1:0 Ziyech
49%
Chelsea - Atletico Madryt 2:0 Emerson
45%
Bayern - Lazio 2:0 Choupo-Moting
43%
Bayern - Lazio 2:1 Parolo
33%
Nie znaleziono quizów pasujących do podanych kryteriów
Rozkład punktacji
Procent ludzi z każdym wynikiem
Percentyl według liczby udzielonych odpowiedzi
Twoja historia wyników
Nie rozwiązałeś tego quizu